| 000 | 00949naa a2200253 u 4500 | ||
|---|---|---|---|
| 001 | 06917 | ||
| 003 | HDC | ||
| 008 | 210125t o 000 0 eng | ||
| 040 | _aHDC | ||
| 110 | _aNational Bureau Agricultural Commodity and Food Standards (ACFS) | ||
| 245 | 0 |
_aHalal products Standard Certification Process / _cby National Bureau Agricultural Commodity and Food Standards (ACFS) |
|
| 260 |
_aThailand : _b[publisher not identified], _c[no year] |
||
| 300 | _a18 pages | ||
| 336 |
_atext _2rdacontent |
||
| 337 |
_acomputer _2rdamedia |
||
| 338 |
_aonline resource _2rdacarrier |
||
| 650 |
_aHalal process _97340 |
||
| 650 |
_aHalal products _9642 |
||
| 650 |
_aHalal Standard Certification _97341 |
||
| 856 | _zRequest full-text at [email protected] | ||
| 942 | _2lcc | ||
| 942 | _cEBOOK | ||
| 942 | _kEBOK 001922 | ||
| 999 |
_c4241 _d4241 |
||